000 00299nam a22001337a 4500
008 170609b xxu||||| |||| 00| 0 eng d
020 _a9780742535770
041 _aeng
080 _a327
100 _a19
101 _aSHP
245 _aNEGOTIATING A COMPLEX WORLD
_cSTARKEY.B
942 _2udc
_cBK
999 _c16732
_d16732